000
00164nam a22000857a 4500
999
_c
12350
_d
12350
082
_a
657
100
_a
Garrod, Neil
245
_a
Accounting in Transition
942
_c
BK